1-25 -illions Quiz - Statistics

General Stats
  • This quiz has been taken 20 times
  • The average score is 15 of 25
Answer Stats
Answer % Correct
Billion
100%
Million
100%
Quadrillion
100%
Quintillion
100%
Sextillion
100%
Trillion
100%
Septillion
93%
Octillion
87%
Nonillion
80%
Decillion
67%
Duodecillion
53%
Undecillion
47%
Octodecillion
40%
Quindecillion
40%
Sexdecillion
40%
Tredecillion
40%
Duovigintillion
33%
Novemdecillion
33%
Quattuordecillion
33%
Quattuorvigintillion
33%
Quinvigintillion
33%
Septendecillion
33%
Trevigintillion
33%
Unvigintillion
33%
Vigintillion
33%
No matching quizzes found
Score Distribution
Percent of People with Each Score
Percentile by Number Answered
Your Score History
You have not taken this quiz